000 00538nmm a2200181Ia 4500
008 251105s9999||||xx |||||||||||||||||und||
020 _a9788433906243
041 _aspa
100 _aMorros Serret, Marta
245 0 _aEl emisario
264 _a[Madrid, España] :
_bEditorial Anagrama,
_c[Fecha de publicación no identificada]
300 _a0 páginas
490 _aPanorama de narrativas
700 _aMorros Serret, Marta
700 1 _a Tawada, Yoko
856 _uhttps://public.digitaliapublishing.com/a/161608
942 _cCF
999 _c69092
_d69092